000 00824cam a2200277 4500500
005 20260405003651.0
041 _afre
042 _adc
100 1 0 _ade Oliveira, Victorine
_eauthor
245 0 0 _a“De l’esprit des lois” de Montesquieu. Un traité de philosophie politique polémique
260 _c2023.
500 _a93
690 _aClimat
690 _aDémocratie
690 _aDespotisme
690 _aÉquilibre des pouvoirs
690 _aLibéralisme
690 _aLiberté
690 _aLois
690 _aMonarchie
690 _aMontesquieu
690 _aPolitique
690 _aPouvoir
786 0 _nPhilosophie magazine | 168 | 4 | 2023-04-01 | p. 41-42 | 1951-1787
856 4 1 _uhttps://shs.cairn.info/magazine-philosophie-magazine-2023-4-page-41?lang=fr&redirect-ssocas=7080
999 _c2069748
_d2069748